Σύγχρονοι προσανατολισμοί στην ελληνική παιδεία

Αποθηκεύτηκε σε:
Λεπτομέρειες βιβλιογραφικής εγγραφής
Συγγραφή απο Οργανισμό/Αρχή: Χριστιανική Ένωσις Εκπαιδευτικών Λειτουργών
Μορφή: Βιβλίο
Γλώσσα:Greek
Δημοσίευση: Αθήνα : Χριστιανική Ενωσις Εκπαιδευτικών Λειτουργιών, 1987
Θέματα:
Ετικέτες: Προσθήκη ετικέτας
Δεν υπάρχουν, Καταχωρήστε ετικέτα πρώτοι!

MARC

LEADER 00000nam a2200000 i 4500
001 1/79639
008 960605s1987 gre d
035 |a 1995  |b 1  |c Δωρεά  |l 10033231 
040 |a GR-MY-UA  |b gre  |e aacr 
041 0 |a gre 
082 0 |a 370.1 
110 2 |a Χριστιανική Ένωσις Εκπαιδευτικών Λειτουργών. 
245 1 0 |a Σύγχρονοι προσανατολισμοί στην ελληνική παιδεία /  |c Χριστιανική Ενωσις Εκπαιδευτικών Λειτουργιών 
260 |a Αθήνα :   |b Χριστιανική Ενωσις Εκπαιδευτικών Λειτουργιών,   |c 1987 
300 |a 182 σ. 
650 0 0 |a Education  |z Greece  |x Philosophy. 
852 |a INST  |b RHODES  |e 19970213  |h 370.1 ΧΡΙ  |p 005400007237  |q 005400007237  |t BK  |y 0 
852 |a INST  |b RHODES  |e 19960605  |h 370.1 ΧΡΙ  |p 005400007451  |q 005400007451  |t BK  |y 0 
852 |a INST  |b RHODES  |e 19960605  |h 370.1 ΧΡΙ  |p 005400007452  |q 005400007452  |t BK  |y 0 
852 |a INST  |b RHODES  |e 19960605  |h 370.1 ΧΡΙ  |p 005400007453  |q 005400007453  |t BK  |y 0 
909 |a Ρ  |b 028397  |c 1995 
909 |a Ρ  |b 028398  |c 1995 
909 |a Ρ  |b 028399  |c 1995 
909 |a Ρ  |b 028487  |c 1995